01140 2200337 4500001002100000005001500021035002000036007000300056008004100059020002200100040002200122082001500144084001700159245011000176850001200286264004500298336002100343337002300364338003800387300003200425856007600457852002000533500006900553650002400622700002500646700003200671504002900703100002600732990002200758990002200780INLIS00000000087442820220929021311 a0010-0922001956ta211109s2016 jkia bs | ind d a978-602-03-3344-1 aYOPDYOGbinderda04223a297.18 a297.18 YOL k10aKumpulan cerita Islam populer untuk anak /cYoli Hemdi; penyunting, Tilarama; ilustrator, Ferlina Gunawan aYOPDYOG31aJakarta :bGramedia Pustaka Utama,c2016 2rdacontentateks 2rdamediaakomputer 2rdacarrierasumber sambung jaring a1 berkas komputer (11,7 MB)40nPerpustakaan Digital iJogjauhttp://ijogja.id /publications/books/231038 aaplikasi iJogja aUntuk mengakses buku ini silakan unduh aplikasi http://ijogja.id 4aCerita-cerita Islam0 aTilaramaePenyunting0 aFerlina GunawaneIlustrator aBibliografi: halaman 188 aYoli HemdiePengarang a003969-EPD/B.2017 a003970-EPD/B.2017